000 01662nam a2200469 i 4500
001 53281
003 KOSZ 005
005 20211130142630.0
008 070222s2006 pl a f |000 0 pol
015 _aUWD 2007/3771
020 _a8372424004
020 _a9788372424006
035 _a991033151329705066
035 _a(PL-WaBN)b18882778-48omnis_nlop
035 _ab18882778
035 _a(OCoLC)749258293
035 _azz2007782935
035 _a(PL)b0000001888277
035 _a(EXLNZ-48OMNIS_NETWORK)9910449449505606
040 _aWA N
_cWA N
_dKOSZ 005/HR
046 _k2006
080 _a004
080 _a(075.8)
100 1 _aWantuch, Edward T.
_eAutor
245 1 0 _aWstęp do informatyki :
_bpodręcznik dla studentów wyższych szkół technicznych /
_cEdward Wantuch, Mieczysław Drabowski ; Politechnika Krakowska im. Tadeusza Kościuszki.
260 _aKraków :
_bWydawnictwo Politechniki Krakowskiej im. Tadeusza Kościuszki,
_c2006.
300 _a447 s. :
_bil. ;
_c24 cm.
336 _aTekst
_btxt
_2rdacontent
337 _aBez urządzenia pośredniczącego
_bn
_2rdamedia
338 _aWolumin
_bnc
_2rdacarrier
380 _aKsiążki
388 _a2001-
504 _aBibliogr. s. 444-447.
650 7 _aInformatyka
_2DBN
655 7 _aPodręczniki akademickie
_2DBN
658 _aInformatyka i technologie informacyjne
700 1 _aDrabowski, Mieczysław
710 2 _aWydawnictwo Politechniki Krakowskiej
_4pbl
856 _uhttp://koha.tu.koszalin.pl/cgi-bin/koha/opac-detail.pl?biblionumber=53281
_yKatalog online BPK
942 _2UKD
_cKS
999 _c53281
_d53281